<?xml version="1.0" encoding="UTF-8"?>
<record
    xmlns:xsi="http://www.w3.org/2001/XMLSchema-instance"
    xsi:schemaLocation="http://www.loc.gov/MARC21/slim http://www.loc.gov/standards/marcxml/schema/MARC21slim.xsd"
    xmlns="http://www.loc.gov/MARC21/slim">

  <leader>00891nam a2200217Ia 4500</leader>
  <controlfield tag="001">7389</controlfield>
  <controlfield tag="003">GE_BSU</controlfield>
  <controlfield tag="008">181216s||||||||xx |||||||||||||| ||und||</controlfield>
  <datafield tag="040" ind1=" " ind2=" ">
    <subfield code="c">GE_BSU</subfield>
  </datafield>
  <datafield tag="080" ind1=" " ind2=" ">
    <subfield code="a">621.317:656</subfield>
  </datafield>
  <datafield tag="100" ind1=" " ind2=" ">
    <subfield code="a">&#x414;&#x43C;&#x438;&#x442;&#x440;&#x435;&#x43D;&#x43A;&#x43E;,&#x418;.&#x415;. &#x423;&#x441;&#x442;&#x438;&#x43D;&#x441;&#x43A;&#x438;&#x439;,&#x410;.&#x410;. &#x426;&#x44B;&#x433;&#x430;&#x43D;&#x43E;&#x432;,&#x412;.&#x418;.</subfield>
  </datafield>
  <datafield tag="245" ind1=" " ind2=" ">
    <subfield code="a">&#x418;&#x437;&#x43C;&#x435;&#x440;&#x435;&#x43D;&#x438;&#x44F; &#x432; &#x443;&#x441;&#x442;&#x440;&#x43E;&#x438;&#x441;&#x442;&#x432;&#x430;&#x445; &#x430;&#x432;&#x442;&#x43E;&#x43C;&#x430;&#x442;&#x438;&#x43A;&#x438;, &#x442;&#x435;&#x43B;&#x435;&#x43C;&#x435;&#x445;&#x430;&#x43D;&#x438;&#x43A;&#x438; &#x438; &#x441;&#x432;&#x44F;&#x437;&#x438; &#x43D;&#x430; &#x436;&#x435;&#x43B;&#x435;&#x437;&#x43D;&#x43E;&#x434;&#x43E;&#x440;&#x43E;&#x436;&#x43D;&#x43E;&#x43C; &#x442;&#x440;&#x430;&#x43D;&#x441;&#x43F;&#x43E;&#x440;&#x442;&#x435;.</subfield>
  </datafield>
  <datafield tag="245" ind1=" " ind2=" ">
    <subfield code="b">&#x423;&#x447;&#x435;&#x431;&#x43D;&#x438;&#x43A;.</subfield>
  </datafield>
  <datafield tag="245" ind1=" " ind2=" ">
    <subfield code="c">&#x420;&#x435;&#x434;. &#x418;.&#x418;.&#x422;&#x443;&#x43C;&#x430;&#x440;&#x43A;&#x438;&#x43D;&#x430;.</subfield>
  </datafield>
  <datafield tag="260" ind1=" " ind2=" ">
    <subfield code="a">&#x41C;.</subfield>
  </datafield>
  <datafield tag="260" ind1=" " ind2=" ">
    <subfield code="b">&#x422;&#x440;&#x430;&#x43D;&#x441;&#x43F;&#x43E;&#x440;&#x442;.</subfield>
  </datafield>
  <datafield tag="260" ind1=" " ind2=" ">
    <subfield code="c">1969.</subfield>
  </datafield>
  <datafield tag="300" ind1=" " ind2=" ">
    <subfield code="a">280&#x441;&#x442;&#x440;.22&#x441;&#x43C;.&#x431;&#x438;&#x431;&#x43B;&#x438;&#x43E;&#x433;&#x440;.:&#x441;&#x442;&#x440;.275-276.</subfield>
  </datafield>
  <datafield tag="653" ind1=" " ind2=" ">
    <subfield code="a">&#x418;&#x437;&#x43C;&#x435;&#x440;&#x435;&#x43D;&#x438;&#x44F; &#x432; &#x443;&#x441;&#x442;&#x440;&#x43E;&#x438;&#x441;&#x442;&#x432;&#x430;&#x445; &#x430;&#x432;&#x442;&#x43E;&#x43C;&#x430;&#x442;&#x438;&#x43A;&#x438;, &#x442;&#x435;&#x43B;&#x435;&#x43C;&#x435;&#x445;&#x430;&#x43D;&#x438;&#x43A;&#x438; &#x438; &#x441;&#x432;&#x44F;&#x437;&#x438; &#x43D;&#x430; &#x436;&#x435;&#x43B;&#x435;&#x437;&#x43D;&#x43E;&#x434;&#x43E;&#x440;&#x43E;&#x436;&#x43D;&#x43E;&#x43C; &#x442;&#x440;&#x430;&#x43D;&#x441;&#x43F;&#x43E;&#x440;&#x442;&#x435;.</subfield>
  </datafield>
  <datafield tag="942" ind1=" " ind2=" ">
    <subfield code="c">BK</subfield>
  </datafield>
  <datafield tag="999" ind1=" " ind2=" ">
    <subfield code="c">40750</subfield>
    <subfield code="d">40750</subfield>
  </datafield>
  <datafield tag="952" ind1=" " ind2=" ">
    <subfield code="0">0</subfield>
    <subfield code="1">0</subfield>
    <subfield code="4">0</subfield>
    <subfield code="7">0</subfield>
    <subfield code="9">46022</subfield>
    <subfield code="d">2018-12-17</subfield>
    <subfield code="p">12109</subfield>
    <subfield code="r">2018-12-17</subfield>
    <subfield code="w">2018-12-17</subfield>
    <subfield code="y">BK</subfield>
  </datafield>
  <datafield tag="952" ind1=" " ind2=" ">
    <subfield code="0">0</subfield>
    <subfield code="1">0</subfield>
    <subfield code="4">0</subfield>
    <subfield code="7">0</subfield>
    <subfield code="9">46023</subfield>
    <subfield code="d">2018-12-17</subfield>
    <subfield code="p">12110</subfield>
    <subfield code="r">2018-12-17</subfield>
    <subfield code="w">2018-12-17</subfield>
    <subfield code="y">BK</subfield>
  </datafield>
</record>
